• 首页
  • 本馆介绍
  • 公告通知
  • 最新文献
  • 馆藏检索
  • 电子资源
  • 读者导购
  • 参考咨询
  • 我的图书馆
  • 登录
  • 详细信息显示
  • 放入我的书架
  • 预约/预借图书
  • 作者相关作品
  • 分类相关作品
  • 丛书相关作品
  • 出版社相关作品

书目信息

  • 表格格式
  • 工作单格式
  • 卡片格式
题名:
会计与控制评论
    
 
作者: 刘永泽 主编
分册: 第10辑  
出版信息: 大连   东北财经大学出版社  2020.12
页数: 221页
开本: 26cm
丛书名:
单 册:
中图分类: F233-53
科图分类:
主题词: 会计制度--hui ji zhi du--文集 , 企业内部管理--qi ye nei bu guan li--文集
电子资源:
ISBN: 978-7-5654-3745-8
000 01054nam0 2200277 450
001 2161475783
005 20211003082045.36
010    @a978-7-5654-3745-8@dCNY48.00
100    @a20210411d2020 em y0chiy0120 ea
101 0  @achi@deng@eeng
102    @aCN@b210000
105    @ay z 000yy
106    @ar
200 1  @a会计与控制评论@Ahui ji yu kong zhi ping lun@h第10辑@f刘永泽主编
210    @a大连@c东北财经大学出版社@d2020.12
215    @a221页@d26cm
300    @a中国内部控制研究中心主办
312    @a英文共同题名:Review of accounting and control
330    @a本书收录了《审计师个人专长与大股东“掏空”行为》《审计委员会性别特征、风险提示信息与审计意见》《企业社会责任信息披露、股权激励与融资约束》《基于代表性启发式的会计职业判断研究》等文章。
510 1  @aReview of accounting and control@zeng
606 0  @a会计制度@Ahui ji zhi du@j文集
606 0  @a企业内部管理@Aqi ye nei bu guan li@j文集
690    @aF233-53@v5
701  0 @a刘永泽@Aliu yong ze@4主编
801  0 @aCN@b百万庄@c20210929
905    @b1303094-97@dF233-53@e682:10@f4
    
    会计与控制评论.第10辑/刘永泽主编.-大连:东北财经大学出版社,2020.12
    221页;26cm
    中国内部控制研究中心主办
    
    ISBN 978-7-5654-3745-8:CNY48.00
    本书收录了《审计师个人专长与大股东“掏空”行为》《审计委员会性别特征、风险提示信息与审计意见》《企业社会责任信息披露、股权激励与融资约束》《基于代表性启发式的会计职业判断研究》等文章。
●
相关链接 在E读中查询图书 在五车中查询图书 在当当中查询图书 在豆瓣中查询图书


正题名:会计与控制评论     索取号:F233-53/682:10         预约/预借

序号 登录号 条形码 馆藏地/架位号 状态 备注
1 1303094   213030940   第一样本阅览室/ [索取号:F233-53/682:10] 在馆    
2 1303095   213030959   第一借阅区/ [索取号:F233-53/682:10] 在馆    
3 1303096   213030968   第一借阅区/ [索取号:F233-53/682:10] 在馆    
4 1303097   213030977   第一借阅区/ [索取号:F233-53/682:10] 在馆    
唐山师范学院图书馆 欢迎您!
大连网信软件有限公司© 版权所有